000 01332nam a2200301 i 4500
003 DO-SdBNP
005 20240710131446.0
007 ta
008 240710s2023 dr r 000 0 spa d
020 _a8497321634
040 _aDO-SdBNP
_bspa
_cBNPHU
_erda
082 _bR328h
_222
100 _aRees, W. David
_935398
_eautor
245 1 3 _aHabilidades de dirección /
_cW. David Rees, Christine Porter
250 _a5ta. edición
264 1 _aMadrid :
_bThomson,
_c2023.
300 _a480 páginas :
_bilustraciones ;
_c24 cm.
336 _2rdacontent
_atexto
_btxt
337 _2rdamedia
_asin mediación
_bn
338 _2rdacarrier
_avolumen
_bnc
490 _aColección negocios
505 _aIntroducción xxv|Los directivos y sus antecedentes 1|Definición del trabajo del directivo 28|El directivo y la organización 57|Estilos de dirección 99|Delegación 129|Motivación 149|Sistemas retributivos 175|Comunicación 197|Selección 237|Evaluación 271|Formación 295|Asesoramiento 317|Medidas disciplinarias y despidos 331|Relaciones con los empleados 369|Habilidades de negociación 405|Reuniones y su presidencia 435|Conclusión 459|Indice analítico 463
590 _aInventariado, 2024/ DG
650 _aAdministración
_914357
700 _aPorter, Christine
_eautor
_985642
910 _aDG
942 _2ddc
_cLBS1
999 _c57238
_d57238